Công nghệ sửa chữa tàu thủy
Saved in:
| Main Author: | |
|---|---|
| Format: | Book |
| Language: | Undetermined |
| Published: |
Hà Nội
KHKT
1984
|
| Subjects: | |
| Tags: |
Add Tag
No Tags, Be the first to tag this record!
|
| Institutions: | Trung tâm Học liệu Trường Đại học Cần Thơ |
|---|
| LEADER | 00546nam a2200181Ia 4500 | ||
|---|---|---|---|
| 001 | CTU_14228 | ||
| 008 | 210402s9999 xx 000 0 und d | ||
| 082 | |a 623.8208 | ||
| 082 | |b B468 | ||
| 100 | |a D D Benkovsky | ||
| 245 | 0 | |a Công nghệ sửa chữa tàu thủy | |
| 245 | 0 | |c D D Benkovsky; Dịch giả: Đỗ Thái Bình | |
| 260 | |a Hà Nội | ||
| 260 | |b KHKT | ||
| 260 | |c 1984 | ||
| 650 | |a marine engineering | ||
| 904 | |i Nguyễn Quang Điền, 961230 | ||
| 980 | |a Trung tâm Học liệu Trường Đại học Cần Thơ | ||